[Event "Deutsche Ländermeisterschaft 2023"]
[Site "Hannover GER"]
[Date "2023.10.03"]
[Round "5"]
[White "Reuter, Elisa"]
[Black "Falke, Ornella"]
[Result "1/2-1/2"]
[Termination "normal"]
[Board "3.5"]
[WhiteTitle "WCM"]
[BlackTitle "WCM"]
[WhiteElo "1869"]
[BlackElo "1990"]
[WhiteClock "00:15:56"]
[BlackClock "00:25:31"]
[WhiteTeam "Thüringen"]
[BlackTeam "Schleswig-Holstein"]
[PlyCount "80"]
[WhiteFideId "12995444"]
[BlackFideId "16207092"]
[EventCountry "GER"]
[EventRounds "7"]
[EventType "team-swiss"]
[EventDate "2023.09.30"]

1. e4 {[%clk 01:30:59]} {[%emt 01:18:38]} c5 {[%clk 01:30:52]} {[%emt
00:00:08]} 2. Nf3 {[%clk 01:31:25]} {[%emt 00:00:04]} d6 {[%clk 01:31:17]}
{[%emt 00:00:05]} 3. d4 {[%clk 01:31:52]} {[%emt 00:00:03]} cxd4 {[%clk
01:31:43]} {[%emt 00:00:04]} 4. Nxd4 {[%clk 01:32:19]} {[%emt 00:00:04]} Nf6
{[%clk 01:32:02]} {[%emt 00:00:11]} 5. Nc3 {[%clk 01:32:45]} {[%emt 00:00:03]}
a6 {[%clk 01:32:25]} {[%emt 00:00:06]} 6. Bg5 {[%clk 01:33:12]} {[%emt
00:00:04]} e6 {[%clk 01:32:18]} {[%emt 00:00:37]} 7. f4 {[%clk 01:33:17]}
{[%emt 00:00:25]} Be7 {[%clk 01:32:41]} {[%emt 00:00:08]} 8. Qf3 {[%clk
01:33:08]} {[%emt 00:00:39]} Qc7 {[%clk 01:33:00]} {[%emt 00:00:11]} 9. g4
{[%clk 01:28:51]} {[%emt 00:04:47]} Nbd7 {[%clk 01:31:21]} {[%emt 00:02:08]}
10. O-O-O {[%clk 01:27:34]} {[%emt 00:01:48]} h6 {[%clk 01:31:01]} {[%emt
00:00:50]} 11. Bxf6 {[%clk 01:27:12]} {[%emt 00:00:52]} Bxf6 {[%clk 01:31:09]}
{[%emt 00:00:22]} 12. h4 {[%clk 01:26:24]} {[%emt 00:01:18]} Nb6 {[%clk
01:24:42]} {[%emt 00:06:57]} 13. g5 {[%clk 01:24:29]} {[%emt 00:02:25]} Bxd4
{[%clk 01:21:08]} {[%emt 00:04:04]} 14. Rxd4 {[%clk 01:24:53]} {[%emt
00:00:06]} Qc5 {[%clk 01:17:25]} {[%emt 00:04:13]} 15. Rd2 {[%clk 01:19:26]}
{[%emt 00:05:57]} Bd7 {[%clk 01:17:15]} {[%emt 00:00:41]} 16. Qd3 {[%clk
01:16:30]} {[%emt 00:03:25]} Bc6 {[%clk 01:08:13]} {[%emt 00:09:32]} 17. Qxd6
{[%clk 01:14:21]} {[%emt 00:02:39]} Qxd6 {[%clk 01:08:39]} {[%emt 00:00:04]}
18. Rxd6 {[%clk 01:14:47]} {[%emt 00:00:04]} Ke7 {[%clk 01:09:00]} {[%emt
00:00:09]} 19. Rd2 {[%clk 01:14:11]} {[%emt 00:01:06]} hxg5 {[%clk 01:07:22]}
{[%emt 00:02:08]} 20. fxg5 {[%clk 01:14:27]} {[%emt 00:00:14]} Nd7 {[%clk
01:05:08]} {[%emt 00:02:44]} 21. Rf2 {[%clk 01:08:12]} {[%emt 00:06:45]} b5
{[%clk 00:58:49]} {[%emt 00:06:49]} 22. Bd3 {[%clk 01:05:21]} {[%emt 00:03:21]}
Rh5 {[%clk 00:56:56]} {[%emt 00:02:23]} 23. Ne2 {[%clk 01:02:23]} {[%emt
00:03:27]} Rah8 {[%clk 00:53:20]} {[%emt 00:04:07]} 24. Rfh2 {[%clk 01:01:34]}
{[%emt 00:01:19]} Ne5 {[%clk 00:52:55]} {[%emt 00:00:55]} 25. Ng3 {[%clk
00:45:43]} {[%emt 00:16:21]} R5h7 {[%clk 00:53:05]} {[%emt 00:00:20]} 26. Be2
{[%clk 00:45:29]} {[%emt 00:00:43]} f5 {[%clk 00:48:43]} {[%emt 00:04:51]} 27.
gxf6+ {[%clk 00:35:46]} {[%emt 00:10:13]} gxf6 {[%clk 00:49:06]} {[%emt
00:00:07]} 28. h5 {[%clk 00:35:15]} {[%emt 00:01:02]} f5 {[%clk 00:47:30]}
{[%emt 00:02:06]} 29. Rf1 {[%clk 00:33:45]} {[%emt 00:01:59]} fxe4 {[%clk
00:45:30]} {[%emt 00:02:30]} 30. Rf4 {[%clk 00:32:55]} {[%emt 00:01:21]} Nf3
{[%clk 00:38:20]} {[%emt 00:07:40]} 31. Rf2 {[%clk 00:30:24]} {[%emt 00:03:01]}
e5 {[%clk 00:37:42]} {[%emt 00:01:08]} 32. Rg4 {[%clk 00:29:32]} {[%emt
00:01:22]} Nd4 {[%clk 00:35:15]} {[%emt 00:02:58]} 33. Nxe4 {[%clk 00:29:05]}
{[%emt 00:00:57]} Nxe2+ {[%clk 00:33:39]} {[%emt 00:02:06]} 34. Rxe2 {[%clk
00:29:29]} {[%emt 00:00:06]} Rxh5 {[%clk 00:30:37]} {[%emt 00:03:32]} 35. Rg7+
{[%clk 00:27:57]} {[%emt 00:02:02]} Kd8 {[%clk 00:27:02]} {[%emt 00:04:05]} 36.
Nd6 {[%clk 00:23:13]} {[%emt 00:05:14]} Bf3 {[%clk 00:24:10]} {[%emt 00:03:23]}
37. Nf7+ {[%clk 00:17:35]} {[%emt 00:06:08]} Ke8 {[%clk 00:24:34]} {[%emt
00:00:06]} 38. Nd6+ {[%clk 00:16:16]} {[%emt 00:01:50]} Kd8 {[%clk 00:24:45]}
{[%emt 00:00:19]} 39. Nf7+ {[%clk 00:15:46]} {[%emt 00:00:59]} Ke8 {[%clk
00:25:08]} {[%emt 00:00:06]} 40. Nd6+ {[%clk 00:15:56]} {[%emt 00:00:20]} Kd8
{[%clk 00:25:31]} {[%emt 00:00:07]} 1/2-1/2

[Event "Deutsche Ländermeisterschaft 2023"]
[Site "Hannover GER"]
[Date "2023.10.03"]
[Round "5"]
[White "Sickmann, Lisa"]
[Black "Junge, Mattheo Gabriel"]
[Result "1-0"]
[Termination "normal"]
[Board "3.6"]
[WhiteElo "1864"]
[BlackElo "1604"]
[WhiteClock "00:18:48"]
[BlackClock "00:15:53"]
[WhiteTeam "Schleswig-Holstein"]
[BlackTeam "Thüringen"]
[PlyCount "99"]
[WhiteFideId "16267818"]
[BlackFideId "34605908"]
[EventCountry "GER"]
[EventRounds "7"]
[EventType "team-swiss"]
[EventDate "2023.09.30"]

1. e4 {[%clk 01:30:59]} c6 {[%clk 01:30:47]} {[%emt 00:00:13]} 2. d4 {[%clk
01:31:26]} {[%emt 00:00:04]} d5 {[%clk 01:31:04]} {[%emt 00:00:13]} 3. Nc3
{[%clk 01:31:51]} {[%emt 00:00:04]} dxe4 {[%clk 01:31:19]} {[%emt 00:00:15]} 4.
Nxe4 {[%clk 01:32:16]} {[%emt 00:00:06]} Nf6 {[%clk 01:31:27]} {[%emt
00:00:21]} 5. Nxf6+ {[%clk 01:32:37]} {[%emt 00:00:09]} exf6 {[%clk 01:31:34]}
{[%emt 00:00:23]} 6. c3 {[%clk 01:33:00]} {[%emt 00:00:07]} Bd6 {[%clk
01:31:45]} {[%emt 00:00:20]} 7. Bd3 {[%clk 01:33:14]} {[%emt 00:00:16]} O-O
{[%clk 01:31:53]} {[%emt 00:00:21]} 8. Ne2 {[%clk 01:33:22]} {[%emt 00:00:23]}
Re8 {[%clk 01:31:37]} {[%emt 00:00:46]} 9. Qc2 {[%clk 01:33:39]} {[%emt
00:00:12]} h5 {[%clk 01:31:38]} {[%emt 00:00:30]} 10. O-O {[%clk 01:33:59]}
{[%emt 00:00:11]} h4 {[%clk 01:31:56]} {[%emt 00:00:13]} 11. h3 {[%clk
01:34:15]} {[%emt 00:00:13]} Nd7 {[%clk 01:32:02]} {[%emt 00:00:25]} 12. c4
{[%clk 01:33:55]} {[%emt 00:00:50]} Nf8 {[%clk 01:31:28]} {[%emt 00:01:03]} 13.
Be3 {[%clk 01:32:47]} {[%emt 00:01:39]} Bd7 {[%clk 01:30:22]} {[%emt 00:01:36]}
14. Nc3 {[%clk 01:30:49]} {[%emt 00:02:27]} Rc8 {[%clk 01:30:22]} {[%emt
00:00:30]} 15. Rfd1 {[%clk 01:28:23]} {[%emt 00:02:56]} Bb8 {[%clk 01:03:01]}
{[%emt 00:27:51]} 16. d5 {[%clk 01:20:25]} {[%emt 00:08:28]} cxd5 {[%clk
00:52:32]} {[%emt 00:11:00]} 17. Nxd5 {[%clk 01:18:38]} {[%emt 00:02:17]} Bc6
{[%clk 00:46:20]} {[%emt 00:06:42]} 18. Bf5 {[%clk 00:48:52]} {[%emt 00:30:15]}
Bxd5 {[%clk 00:32:05]} {[%emt 00:14:46]} 19. Rxd5 {[%clk 00:40:04]} {[%emt
00:09:18]} Qc7 {[%clk 00:29:35]} {[%emt 00:03:00]} 20. Rc1 {[%clk 00:33:51]}
{[%emt 00:06:43]} Qh2+ {[%clk 00:28:40]} {[%emt 00:01:25]} 21. Kf1 {[%clk
00:34:19]} {[%emt 00:00:03]} Rcd8 {[%clk 00:20:27]} {[%emt 00:08:43]} 22. Rxd8
{[%clk 00:33:57]} {[%emt 00:00:52]} Rxd8 {[%clk 00:20:44]} {[%emt 00:00:13]}
23. Qe4 {[%clk 00:32:43]} {[%emt 00:01:44]} g6 {[%clk 00:17:36]} {[%emt
00:03:37]} 24. Qe7 {[%clk 00:29:46]} {[%emt 00:03:27]} Bf4 {[%clk 00:16:46]}
{[%emt 00:01:21]} 25. Bc2 {[%clk 00:21:21]} {[%emt 00:08:54]} Bxe3 {[%clk
00:16:43]} {[%emt 00:00:33]} 26. Qxe3 {[%clk 00:18:29]} {[%emt 00:03:22]} Qh1+
{[%clk 00:16:59]} {[%emt 00:00:15]} 27. Ke2 {[%clk 00:18:54]} {[%emt 00:00:05]}
Qxg2 {[%clk 00:17:19]} {[%emt 00:00:09]} 28. Be4 {[%clk 00:18:10]} {[%emt
00:01:15]} Qxh3 {[%clk 00:12:57]} {[%emt 00:04:51]} 29. Qxh3 {[%clk 00:18:28]}
{[%emt 00:00:13]} Ne6 {[%clk 00:13:07]} {[%emt 00:00:20]} 30. Qe3 {[%clk
00:16:30]} {[%emt 00:02:27]} g5 {[%clk 00:12:34]} {[%emt 00:01:03]} 31. Kf1
{[%clk 00:15:54]} {[%emt 00:01:07]} Kg7 {[%clk 00:12:08]} {[%emt 00:00:56]} 32.
Bd5 {[%clk 00:15:28]} {[%emt 00:00:56]} Nf4 {[%clk 00:11:52]} {[%emt 00:00:46]}
33. Qe7 {[%clk 00:15:37]} {[%emt 00:00:21]} Rf8 {[%clk 00:12:17]} {[%emt
00:00:05]} 34. Re1 {[%clk 00:14:08]} {[%emt 00:01:59]} h3 {[%clk 00:12:40]}
{[%emt 00:00:07]} 35. Kg1 {[%clk 00:14:26]} {[%emt 00:00:12]} h2+ {[%clk
00:11:54]} {[%emt 00:01:17]} 36. Kxh2 {[%clk 00:14:39]} {[%emt 00:00:16]} Rh8+
{[%clk 00:11:38]} {[%emt 00:00:45]} 37. Kg1 {[%clk 00:15:00]} {[%emt 00:00:09]}
Nh3+ {[%clk 00:12:02]} {[%emt 00:00:06]} 38. Kf1 {[%clk 00:15:18]} {[%emt
00:00:12]} Rf8 {[%clk 00:12:25]} {[%emt 00:00:07]} 39. Qxb7 {[%clk 00:15:38]}
{[%emt 00:00:11]} Nf4 {[%clk 00:12:43]} {[%emt 00:00:11]} 40. Re7 {[%clk
00:16:01]} {[%emt 00:00:08]} Rh8 {[%clk 00:13:02]} {[%emt 00:00:11]} 41. Rxf7+
{[%clk 00:16:24]} {[%emt 00:00:07]} Kg6 {[%clk 00:13:28]} {[%emt 00:00:05]} 42.
Be4+ {[%clk 00:16:46]} {[%emt 00:00:08]} Kh5 {[%clk 00:13:15]} {[%emt
00:00:42]} 43. Rh7+ {[%clk 00:17:03]} {[%emt 00:00:12]} Rxh7 {[%clk 00:13:38]}
{[%emt 00:00:09]} 44. Qxh7+ {[%clk 00:17:28]} {[%emt 00:00:05]} Kg4 {[%clk
00:14:01]} {[%emt 00:00:06]} 45. c5 {[%clk 00:17:14]} {[%emt 00:00:45]} a5
{[%clk 00:14:25]} {[%emt 00:00:06]} 46. c6 {[%clk 00:17:40]} {[%emt 00:00:03]}
a4 {[%clk 00:14:48]} {[%emt 00:00:07]} 47. c7 {[%clk 00:18:07]} {[%emt
00:00:03]} Ne6 {[%clk 00:15:04]} {[%emt 00:00:14]} 48. c8=B {[%clk 00:18:23]}
{[%emt 00:00:14]} a3 {[%clk 00:15:27]} {[%emt 00:00:08]} 49. Bxe6+ {[%clk
00:18:48]} {[%emt 00:00:05]} Kf4 {[%clk 00:15:53]} {[%emt 00:00:03]} 50. Qf5#
{[%emt 00:00:06]} 1-0

[Event "Deutsche Ländermeisterschaft 2023"]
[Site "Hannover GER"]
[Date "2023.10.03"]
[Round "5"]
[White "Loos, Tilda"]
[Black "Lanert, Theodor"]
[Result "0-1"]
[Termination "normal"]
[Board "3.7"]
[WhiteElo "1423"]
[BlackElo "1404"]
[WhiteClock "00:26:36"]
[BlackClock "00:28:11"]
[WhiteTeam "Thüringen"]
[BlackTeam "Schleswig-Holstein"]
[PlyCount "126"]
[WhiteFideId "34620559"]
[BlackFideId "34605576"]
[EventCountry "GER"]
[EventRounds "7"]
[EventType "team-swiss"]
[EventDate "2023.09.30"]

1. b3 {[%clk 01:30:55]} {[%emt 00:00:05]} Nf6 {[%clk 01:22:54]} {[%emt
00:08:07]} 2. Bb2 {[%clk 01:31:11]} {[%emt 00:00:13]} g6 {[%clk 01:22:56]}
{[%emt 00:00:29]} 3. g3 {[%clk 01:30:44]} {[%emt 00:00:56]} Bg7 {[%clk
01:22:02]} {[%emt 00:01:24]} 4. Bg2 {[%clk 01:30:57]} {[%emt 00:00:17]} O-O
{[%clk 01:22:13]} {[%emt 00:00:19]} 5. c4 {[%clk 01:30:59]} {[%emt 00:00:28]}
d6 {[%clk 01:22:12]} {[%emt 00:00:31]} 6. d4 {[%clk 01:29:57]} {[%emt
00:01:32]} a5 {[%clk 01:22:18]} {[%emt 00:00:25]} 7. Nc3 {[%clk 01:29:37]}
{[%emt 00:00:49]} c6 {[%clk 01:21:38]} {[%emt 00:01:11]} 8. e3 {[%clk
01:29:20]} {[%emt 00:00:46]} Na6 {[%clk 01:21:16]} {[%emt 00:00:52]} 9. Nge2
{[%clk 01:28:52]} {[%emt 00:00:58]} Rb8 {[%clk 01:21:23]} {[%emt 00:00:23]} 10.
Rb1 {[%clk 01:27:57]} {[%emt 00:01:24]} Nc7 {[%clk 01:20:00]} {[%emt 00:01:55]}
11. O-O {[%clk 01:27:57]} {[%emt 00:00:30]} Bd7 {[%clk 01:18:00]} {[%emt
00:02:30]} 12. a4 {[%clk 01:26:13]} {[%emt 00:02:13]} d5 {[%emt 00:03:25]} 13.
Ba3 {[%clk 01:20:57]} {[%emt 00:05:44]} b5 {[%clk 01:11:59]} {[%emt 00:03:38]}
14. axb5 {[%clk 01:18:57]} {[%emt 00:02:30]} cxb5 {[%clk 01:12:10]} {[%emt
00:00:19]} 15. Nxd5 {[%clk 01:15:39]} {[%emt 00:03:48]} Ncxd5 {[%emt 00:02:09]}
16. cxd5 {[%clk 01:14:18]} {[%emt 00:01:49]} Bf5 {[%clk 01:10:39]} {[%emt
00:00:24]} 17. Rc1 {[%clk 01:13:24]} {[%emt 00:01:24]} b4 {[%clk 01:09:50]}
{[%emt 00:01:18]} 18. Bb2 {[%clk 01:13:02]} {[%emt 00:00:51]} Be4 {[%clk
01:10:07]} {[%emt 00:00:14]} 19. Bxe4 {[%clk 01:11:03]} {[%emt 00:02:29]} Nxe4
{[%clk 01:10:33]} {[%emt 00:00:04]} 20. Nf4 {[%clk 01:10:33]} {[%emt 00:01:00]}
g5 {[%clk 01:09:04]} {[%emt 00:01:59]} 21. Nd3 {[%clk 01:00:33]} {[%emt
00:10:30]} Qxd5 {[%clk 01:06:59]} {[%emt 00:02:36]} 22. Nc5 {[%clk 00:57:59]}
{[%emt 00:03:04]} Rbd8 {[%clk 01:03:58]} {[%emt 00:03:31]} 23. Nxe4 {[%clk
00:53:30]} {[%emt 00:04:59]} Qxe4 {[%clk 01:04:12]} {[%emt 00:00:16]} 24. Qc2
{[%clk 00:53:04]} {[%emt 00:00:56]} Qxc2 {[%clk 01:02:45]} {[%emt 00:01:57]}
25. Rxc2 {[%clk 00:53:31]} {[%emt 00:00:04]} Rd5 {[%clk 01:03:05]} {[%emt
00:00:10]} 26. Rfc1 {[%clk 00:53:03]} {[%emt 00:00:56]} f5 {[%clk 01:02:00]}
{[%emt 00:01:36]} 27. Rc5 {[%clk 00:52:07]} {[%emt 00:01:26]} Rfd8 {[%clk
01:02:15]} {[%emt 00:00:15]} 28. Kf1 {[%clk 00:51:37]} {[%emt 00:01:00]} Kf7
{[%clk 01:00:00]} {[%emt 00:02:45]} 29. Ke2 {[%clk 00:51:25]} {[%emt 00:00:42]}
e6 {[%clk 00:55:00]} {[%emt 00:05:30]} 30. Rc7+ {[%clk 00:49:53]} {[%emt
00:02:01]} R8d7 {[%clk 00:54:50]} {[%emt 00:00:40]} 31. Rxd7+ {[%clk 00:49:55]}
{[%emt 00:00:28]} Rxd7 {[%clk 00:55:19]} {[%emt 00:00:01]} 32. Rc5 {[%clk
00:49:58]} {[%emt 00:00:27]} Rd5 {[%clk 00:55:45]} {[%emt 00:00:04]} 33. Rxd5
{[%clk 00:50:13]} {[%emt 00:00:16]} exd5 {[%clk 00:56:13]} 34. h3 {[%clk
00:50:19]} {[%emt 00:00:24]} h5 {[%clk 00:56:25]} {[%emt 00:00:18]} 35. f3
{[%clk 00:49:29]} {[%emt 00:01:21]} f4 {[%clk 00:46:20]} {[%emt 00:10:35]} 36.
gxf4 {[%clk 00:47:47]} {[%emt 00:02:12]} gxf4 {[%clk 00:46:38]} {[%emt
00:00:12]} 37. exf4 {[%clk 00:46:43]} {[%emt 00:01:34]} Ke6 {[%clk 00:46:53]}
{[%emt 00:00:15]} 38. Kf2 {[%clk 00:46:48]} {[%emt 00:00:24]} h4 {[%clk
00:47:06]} {[%emt 00:00:18]} 39. Ke3 {[%clk 00:44:17]} {[%emt 00:03:01]} Kf5
{[%clk 00:47:25]} {[%emt 00:00:11]} 40. Kf2 {[%clk 00:43:11]} {[%emt 00:01:35]}
Bh6 {[%clk 00:46:00]} {[%emt 00:01:56]} 41. Ke2 {[%clk 00:42:06]} {[%emt
00:01:34]} Bxf4 {[%clk 00:46:13]} {[%emt 00:00:16]} 42. Kd3 {[%clk 00:41:38]}
{[%emt 00:00:58]} Bh2 {[%clk 00:45:21]} {[%emt 00:01:22]} 43. Ke2 {[%clk
00:41:45]} {[%emt 00:00:24]} Kf4 {[%clk 00:25:15]} {[%emt 00:20:36]} 44. Kf2
{[%clk 00:40:55]} {[%emt 00:01:20]} Bg3+ {[%emt 00:00:37]} 45. Ke2 {[%clk
00:41:14]} {[%emt 00:00:10]} Bh2 {[%clk 00:25:30]} {[%emt 00:00:09]} 46. Kf2
{[%clk 00:41:40]} {[%emt 00:00:03]} Bg1+ {[%clk 00:25:50]} {[%emt 00:00:10]}
47. Kg2 {[%clk 00:35:38]} {[%emt 00:06:32]} Be3 {[%clk 00:25:54]} {[%emt
00:00:25]} 48. Ba1 {[%clk 00:35:19]} {[%emt 00:00:49]} Bd2 {[%clk 00:25:55]}
{[%emt 00:00:30]} 49. Bb2 {[%clk 00:35:11]} {[%emt 00:00:38]} Ke3 {[%clk
00:26:10]} {[%emt 00:00:16]} 50. f4 {[%clk 00:26:33]} {[%emt 00:09:08]} Kxf4
{[%clk 00:26:23]} {[%emt 00:00:17]} 51. Kf2 {[%clk 00:26:46]} {[%emt 00:00:16]}
Be3+ {[%clk 00:26:13]} {[%emt 00:00:41]} 52. Ke2 {[%clk 00:25:57]} {[%emt
00:01:18]} Ke4 {[%clk 00:26:33]} {[%emt 00:00:10]} 53. Ba1 {[%clk 00:24:34]}
{[%emt 00:01:52]} Bxd4 {[%clk 00:26:53]} {[%emt 00:00:11]} 54. Bxd4 {[%clk
00:24:56]} {[%emt 00:00:07]} Kxd4 {[%clk 00:27:18]} {[%emt 00:00:05]} 55. Kd2
{[%clk 00:24:57]} {[%emt 00:00:28]} Ke4 {[%clk 00:27:27]} {[%emt 00:00:22]} 56.
Ke2 {[%clk 00:25:10]} {[%emt 00:00:17]} d4 {[%clk 00:27:41]} {[%emt 00:00:16]}
57. Kd2 {[%clk 00:25:25]} {[%emt 00:00:15]} d3 {[%clk 00:26:40]} {[%emt
00:01:31]} 58. Kd1 {[%clk 00:25:43]} {[%emt 00:00:11]} Ke3 {[%clk 00:26:57]}
{[%emt 00:00:14]} 59. Ke1 {[%clk 00:25:59]} {[%emt 00:00:13]} d2+ {[%clk
00:27:18]} {[%emt 00:00:09]} 60. Kd1 {[%clk 00:26:21]} {[%emt 00:00:08]} a4
{[%clk 00:27:31]} {[%emt 00:00:17]} 61. bxa4 {[%clk 00:26:13]} {[%emt
00:00:37]} b3 {[%clk 00:27:55]} {[%emt 00:00:06]} 62. a5 {[%clk 00:26:38]}
{[%emt 00:00:05]} Kd3 {[%clk 00:27:44]} {[%emt 00:00:41]} 63. a6 {[%clk
00:26:36]} {[%emt 00:00:31]} b2 {[%clk 00:28:11]} {[%emt 00:00:04]} 0-1

[Event "Deutsche Ländermeisterschaft 2023"]
[Site "Hannover GER"]
[Date "2023.10.03"]
[Round "5"]
[White "Margaryan, Mane"]
[Black "Albrecht, Sidney Jenna"]
[Result "1-0"]
[Termination "normal"]
[Board "3.8"]
[WhiteElo "1382"]
[BlackElo "1030"]
[WhiteClock "00:06:00"]
[BlackClock "00:12:36"]
[WhiteTeam "Schleswig-Holstein"]
[BlackTeam "Thüringen"]
[PlyCount "93"]
[WhiteFideId "16268237"]
[BlackFideId "34660283"]
[EventCountry "GER"]
[EventRounds "7"]
[EventType "team-swiss"]
[EventDate "2023.09.30"]

1. d4 {[%clk 01:30:58]} {[%emt 00:00:01]} Nf6 {[%clk 01:30:51]} {[%emt
00:00:09]} 2. c4 {[%clk 01:31:24]} {[%emt 00:00:04]} g6 {[%clk 01:30:52]}
{[%emt 00:00:28]} 3. Nc3 {[%clk 01:31:50]} {[%emt 00:00:06]} Bg7 {[%clk
01:31:15]} {[%emt 00:00:07]} 4. Bg5 {[%clk 01:31:56]} {[%emt 00:00:24]} O-O
{[%clk 01:31:34]} {[%emt 00:00:10]} 5. Nf3 {[%clk 01:32:07]} {[%emt 00:00:19]}
d6 {[%clk 01:31:51]} {[%emt 00:00:14]} 6. e3 {[%clk 01:31:52]} {[%emt
00:00:45]} Nbd7 {[%clk 01:32:12]} {[%emt 00:00:08]} 7. Bd3 {[%clk 01:31:15]}
{[%emt 00:01:07]} e5 {[%clk 01:31:38]} {[%emt 00:01:04]} 8. d5 {[%clk
01:30:21]} {[%emt 00:01:25]} Re8 {[%clk 01:31:14]} {[%emt 00:00:54]} 9. e4
{[%clk 01:29:50]} {[%emt 00:01:00]} h6 {[%clk 01:30:42]} {[%emt 00:01:03]} 10.
Bh4 {[%clk 01:29:08]} {[%emt 00:01:12]} g5 {[%clk 01:30:56]} {[%emt 00:00:16]}
11. Bg3 {[%clk 01:29:33]} {[%emt 00:00:05]} c6 {[%clk 01:29:51]} {[%emt
00:01:35]} 12. O-O {[%clk 01:27:33]} {[%emt 00:02:30]} cxd5 {[%clk 01:27:46]}
{[%emt 00:02:35]} 13. cxd5 {[%clk 01:27:49]} {[%emt 00:00:13]} a5 {[%clk
01:23:39]} {[%emt 00:04:38]} 14. Rc1 {[%clk 01:25:03]} {[%emt 00:03:16]} Nc5
{[%clk 01:22:09]} {[%emt 00:02:00]} 15. Bc2 {[%clk 01:17:39]} {[%emt 00:07:54]}
Nh7 {[%clk 01:18:37]} {[%emt 00:04:02]} 16. Re1 {[%clk 01:14:21]} {[%emt
00:03:48]} Nf8 {[%clk 01:15:27]} {[%emt 00:03:39]} 17. h3 {[%clk 01:10:29]}
{[%emt 00:04:23]} Ng6 {[%clk 01:14:21]} {[%emt 00:01:36]} 18. Na4 {[%clk
00:58:44]} {[%emt 00:12:16]} Nxa4 {[%clk 01:12:13]} {[%emt 00:02:38]} 19. Bxa4
{[%clk 00:56:47]} {[%emt 00:02:27]} Rf8 {[%clk 01:12:13]} {[%emt 00:00:29]} 20.
Nd2 {[%clk 00:48:35]} {[%emt 00:08:43]} f5 {[%clk 01:09:21]} {[%emt 00:03:22]}
21. Bc2 {[%clk 00:38:12]} {[%emt 00:10:54]} f4 {[%clk 01:02:46]} {[%emt
00:07:04]} 22. Bh2 {[%clk 00:38:28]} {[%emt 00:00:14]} Kf7 {[%clk 00:53:42]}
{[%emt 00:09:34]} 23. Qh5 {[%clk 00:31:37]} {[%emt 00:07:21]} Rh8 {[%clk
00:50:45]} {[%emt 00:03:26]} 24. Bd3 {[%clk 00:27:13]} {[%emt 00:04:55]} Qd7
{[%clk 00:49:11]} {[%emt 00:02:04]} 25. Rc2 {[%clk 00:26:50]} {[%emt 00:00:53]}
g4 {[%clk 00:48:06]} {[%emt 00:01:34]} 26. Rec1 {[%clk 00:25:20]} {[%emt
00:02:01]} gxh3 {[%clk 00:47:38]} {[%emt 00:00:58]} 27. Rc7 {[%clk 00:24:55]}
{[%emt 00:00:55]} hxg2 {[%clk 00:38:11]} {[%emt 00:09:56]} 28. Rxd7+ {[%clk
00:23:50]} {[%emt 00:01:36]} Bxd7 {[%clk 00:38:21]} {[%emt 00:00:20]} 29. Rc7
{[%clk 00:22:30]} {[%emt 00:01:49]} Rhd8 {[%clk 00:37:51]} {[%emt 00:01:01]}
30. Qf5+ {[%clk 00:21:43]} {[%emt 00:01:13]} Kg8 {[%clk 00:35:10]} {[%emt
00:03:13]} 31. Qxg6 {[%clk 00:20:11]} {[%emt 00:02:03]} b6 {[%clk 00:32:36]}
{[%emt 00:03:05]} 32. Bb5 {[%clk 00:19:11]} {[%emt 00:01:31]} Rac8 {[%clk
00:31:45]} {[%emt 00:01:20]} 33. Rxc8 {[%clk 00:18:06]} {[%emt 00:01:35]} Bxc8
{[%clk 00:31:45]} {[%emt 00:00:30]} 34. Kxg2 {[%clk 00:16:07]} {[%emt
00:02:28]} Kf8 {[%clk 00:30:40]} {[%emt 00:01:35]} 35. Nc4 {[%clk 00:14:47]}
{[%emt 00:01:51]} Kg8 {[%clk 00:27:27]} {[%emt 00:03:42]} 36. Nxd6 {[%clk
00:14:09]} {[%emt 00:01:08]} Bg4 {[%clk 00:19:36]} {[%emt 00:08:22]} 37. Nf7
{[%clk 00:12:35]} {[%emt 00:02:04]} Rb8 {[%clk 00:14:56]} {[%emt 00:05:10]} 38.
Nxh6+ {[%clk 00:12:42]} {[%emt 00:00:22]} Kh8 {[%clk 00:14:17]} {[%emt
00:01:09]} 39. Nxg4 {[%clk 00:12:28]} {[%emt 00:00:45]} Rb7 {[%clk 00:13:18]}
{[%emt 00:01:29]} 40. Nf6 {[%clk 00:10:22]} {[%emt 00:02:33]} Bxf6 {[%clk
00:12:47]} {[%emt 00:01:04]} 41. Qxf6+ {[%clk 00:10:27]} {[%emt 00:00:26]} Kh7
{[%clk 00:12:55]} {[%emt 00:00:21]} 42. d6 {[%clk 00:07:02]} {[%emt 00:03:55]}
f3+ {[%clk 00:12:08]} {[%emt 00:01:17]} 43. Kxf3 {[%clk 00:06:26]} {[%emt
00:01:06]} Kg8 {[%clk 00:12:24]} {[%emt 00:00:13]} 44. d7 {[%clk 00:05:27]}
{[%emt 00:01:29]} Rxd7 {[%clk 00:12:02]} {[%emt 00:00:52]} 45. Bxd7 {[%clk
00:05:38]} {[%emt 00:00:20]} Kh7 {[%clk 00:12:22]} {[%emt 00:00:10]} 46. Bxe5
{[%clk 00:05:36]} {[%emt 00:00:32]} Kg8 {[%clk 00:12:36]} {[%emt 00:00:14]} 47.
Qg7# {[%clk 00:06:00]} {[%emt 00:00:06]} 1-0